Central Library OPAC University of Rajshahi

The media student's book / (Record no. 47054)

MARC details
000 -LEADER
fixed length control field 00927nam a2200289 a 4500
001 - CONTROL NUMBER
control field 47054
003 - CONTROL NUMBER IDENTIFIER
rucl marc code BD-RjUL
005 - DATE AND TIME OF LATEST TRANSACTION
control field 20211209054243.0
008 - FIXED-LENGTH DATA ELEMENTS--GENERAL INFORMATION
fixed length control field 160806r20072006enka b 001 0 eng
020 ## - INTERNATIONAL STANDARD BOOK NUMBER
International Standard Book Number 0415371422 (hbk.)
International Standard Book Number 0415371430 (pbk.)
035 ## - SYSTEM CONTROL NUMBER
System control number (BD-RjUL)47173
040 ## - CATALOGING SOURCE
Original cataloging agency StDuBDS
Language of cataloging eng
Transcribing agency StDuBDS
Modifying agency BD-RjUL
041 ## - LANGUAGE CODE
Language code of text/sound track or separate title eng
082 00 - DEWEY DECIMAL CLASSIFICATION NUMBER
Classification number 302.23
Edition number 23
Author mark and year BRM 2007
100 1# - MAIN ENTRY--PERSONAL NAME
Personal name Branston, Gill.
9 (RLIN) 143305
245 14 - TITLE STATEMENT
Title The media student's book /
Statement of responsibility, etc. Gill Branston and Roy Stafford.
250 ## - EDITION STATEMENT
Edition statement 4th ed.
260 ## - PUBLICATION, DISTRIBUTION, ETC. (IMPRINT)
Place of publication, distribution, etc. London :
Name of publisher, distributor, etc. Routledge,
Date of publication, distribution, etc. 2006 [reprint 2007]
300 ## - PHYSICAL DESCRIPTION
Pagination xviii, 576 p. :
Illustrations ill. ;
Size 26 cm.
500 ## - GENERAL NOTE
General note Previous ed.: 2003.
504 ## - BIBLIOGRAPHY, ETC. NOTE
Bibliography, etc Includes bibliographical references (p. 553-561) and index.
650 #0 - SUBJECT ADDED ENTRY--TOPICAL TERM
Topical term or geographic name as entry element Mass media.
9 (RLIN) 143306
700 1# - ADDED ENTRY--PERSONAL NAME
Personal name Stafford, Roy.
856 41 - ELECTRONIC LOCATION AND ACCESS
Materials specified Table of contents
Uniform Resource Identifier <a href="http://www.loc.gov/catdir/toc/ecip0519/2005027571.html">http://www.loc.gov/catdir/toc/ecip0519/2005027571.html</a>
942 ## - ADDED ENTRY ELEMENTS (KOHA)
Source of classification or shelving scheme Dewey Decimal Classification
Koha item type Books
Holdings
Lost status Source of classification or shelving scheme Damaged status Not for loan Collection code Permanent Location Current Location Shelving location Date acquired Source of acquisition Cost, normal purchase price Total Checkouts Full call number Date last seen Copy number Koha item type
  Dewey Decimal Classification     Non-fiction Central Library, University of Rajshahi Central Library, University of Rajshahi   12/12/2009 DHAKA AMIRICA MISSION BOK HOUSE 4907.15   302.23 BRM 2007 06/08/2016 C-2 Books
  Dewey Decimal Classification   Not For Loan Non-fiction Central Library, University of Rajshahi Central Library, University of Rajshahi Reading Room 12/12/2009 DHAKA AMIRICA MISSION BOK HOUSE 4907.15   302.23 BRM 2007 10/12/2016 C-1 Books